Central Library OPAC University of Rajshahi

Engineering seismology and earthquake engineering / (Record no. 10712)

MARC details
000 -LEADER
fixed length control field 01155cam a2200301 i 4500
001 - CONTROL NUMBER
control field 10712
003 - CONTROL NUMBER IDENTIFIER
rucl marc code BD-RjUL
005 - DATE AND TIME OF LATEST TRANSACTION
control field 20211208235013.0
008 - FIXED-LENGTH DATA ELEMENTS--GENERAL INFORMATION
fixed length control field 140125s1974 ne a b 100 0 eng
020 ## - INTERNATIONAL STANDARD BOOK NUMBER
International Standard Book Number 9028605134 :
035 ## - SYSTEM CONTROL NUMBER
System control number (BD-RjUL)10761
040 ## - CATALOGING SOURCE
Original cataloging agency DLC
Transcribing agency DLC
Modifying agency DLC
-- BD-RjUL
Language of cataloging eng
041 ## - LANGUAGE CODE
Language code of text/sound track or separate title eng
082 00 - DEWEY DECIMAL CLASSIFICATION NUMBER
Classification number 624.176
Author mark and year ENG
111 2# - MAIN ENTRY--MEETING NAME
Meeting name or jurisdiction name as entry element NATO Advanced Study Institute
Date of meeting (1973 :
Location of meeting İzmir, Turkey)
9 (RLIN) 213782
245 10 - TITLE STATEMENT
Title Engineering seismology and earthquake engineering /
Statement of responsibility, etc. edited by Júlíus Sólnes.
260 ## - PUBLICATION, DISTRIBUTION, ETC. (IMPRINT)
Place of publication, distribution, etc. Leiden :
Name of publisher, distributor, etc. Noordhoff International Pub. Co.,
Date of publication, distribution, etc. 1974.
300 ## - PHYSICAL DESCRIPTION
Pagination viii, 315 p. :
Illustrations ill. ;
Size 25 cm.
500 ## - GENERAL NOTE
General note Held under the auspices of the Scientific Affairs Division of NATO.
504 ## - BIBLIOGRAPHY, ETC. NOTE
Bibliography, etc Includes bibliographical references.
650 #0 - SUBJECT ADDED ENTRY--TOPICAL TERM
Topical term or geographic name as entry element Earthquake engineering
General subdivision Congresses.
9 (RLIN) 33131
Topical term or geographic name as entry element Earthquakes
General subdivision Congresses.
9 (RLIN) 33132
700 1# - ADDED ENTRY--PERSONAL NAME
Personal name Sólnes, Júlíus,
Relator term ed.
710 2# - ADDED ENTRY--CORPORATE NAME
Corporate name or jurisdiction name as entry element North Atlantic Treaty Organization.
Subordinate unit Scientific Affairs Division.
9 (RLIN) 28746
942 ## - ADDED ENTRY ELEMENTS (KOHA)
Source of classification or shelving scheme Dewey Decimal Classification
Koha item type Books
Holdings
Lost status Source of classification or shelving scheme Damaged status Not for loan Collection code Permanent Location Current Location Shelving location Date acquired Source of acquisition Cost, normal purchase price Total Checkouts Full call number Date last seen Copy number Koha item type
  Dewey Decimal Classification   Not For Loan Non-fiction Central Library, University of Rajshahi Central Library, University of Rajshahi Reading Room 07/04/1979 Netherland Gift 0.00   624.176 ENG 1974 25/01/2014 C-1 Books
  Dewey Decimal Classification     Non-fiction Central Library, University of Rajshahi Central Library, University of Rajshahi   07/04/1979 Netharland 0.00   624.176 ENG 1974 16/05/2017 C-2 Books